150 bài hát hay soạn cho đàn organ Tự học âm nhạc T.2

Gespeichert in:
Bibliographische Detailangaben
1. Verfasser: Mỹ Trang (Biên soạn)
Format: Buch
Veröffentlicht: Tp. Hồ Chí Minh [NXB Tp. Hồ Chí Minh] 1994
Schlagworte:
Tags: Tag hinzufügen
Keine Tags, Fügen Sie den ersten Tag hinzu!
Thư viện lưu trữ: Trung tâm Học liệu Lê Vũ Hùng, Trường Đại học Đồng Tháp
LEADER 00826pam a22002538a 4500
001 00017422
005 20171026081022.0
008 110419s1994 ||||||Viesd
020 |c 15000 
041 0 # |a Vie 
082 1 # |a 786.5  |b T550H 
100 0 # |a Mỹ Trang  |e Biên soạn 
245 0 0 |c Mỹ Trang, Minh Tiên  |a 150 bài hát hay soạn cho đàn organ  |b Tự học âm nhạc  |n T.2 
260 # # |a Tp. Hồ Chí Minh  |b [NXB Tp. Hồ Chí Minh]  |c 1994 
300 # # |a 78tr.  |c 30cm. 
650 # 7 |2 Bài hát 
650 # 7 |2 Đàn organ 
653 # # |a Âm nhạc 
653 # # |a Đàn organ 
852 # # |b Kho mượn  |j KM.0010961 
852 # # |b Kho đọc  |j KD.0002754 
852 # # |j KD.0002754  |j KM.0010961 
910 |d 19/04/2011 
980 # # |a Trung tâm Học liệu Lê Vũ Hùng, Trường Đại học Đồng Tháp